000 00573nam a2200241Ia 4500
001 7362
003 GE_BSU
008 181216s||||||||xx |||||||||||||| ||und||
040 _cGE_BSU
080 _a54(075.8)
100 _aГлинка,Н.Л.
245 _aОбщая химия.
245 _bУчеб. пособие.
245 _cРед.Л.В.Бровкин.
250 _aИзд.11-е.
260 _aМ.
260 _bХимия.
260 _c1964.
300 _a688стр.22см.
300 _eтабл.
653 _aОбщая химия.
942 _cBK
999 _c40725
_d40725